Normal view
MARC view
- Stine, Bill
Entry Personal Name
001 - CONTROL NUMBER
- control field: 55741
003 - CONTROL NUMBER IDENTIFIER
- control field: NUST
005 - DATE AND TIME OF LATEST TRANSACTION
- control field: 20210628201537.0
008 - FIXED-LENGTH DATA ELEMENTS
- fixed length control field: 210628|| aca||aabn | a|a d
040 ## - CATALOGING SOURCE
- Original cataloging agency: NUST
- Transcribing agency: NUST
100 ## - HEADING--PERSONAL NAME
- Personal name: Stine, Bill
670 ## - SOURCE DATA FOUND
- Source citation: Work cat.: (NUST): Stine, G. Harry (George Harry), 1928- 55739, Handbook of model rocketry , c2004.
